| 000 | 00565ntaaa2200193 4500 | ||
|---|---|---|---|
| 003 | 01 | ||
| 005 | 20251027201243.0 | ||
| 008 | 0714s1973 ag 01 | ||
| 040 |
_aAR-BaBN _bspa _cAR-BaBN _eaacr _dRIC |
||
| 082 | _a220.92 W44 | ||
| 100 | _aWelch, Adam C. | ||
| 245 |
_aKings and prophets of Israel / _cAdam C. Welch, Norman W. Porteous |
||
| 250 |
_a1 ed. : _bLutterworth, _cc1952 |
||
| 300 | _a264 p. | ||
| 500 | _a(With a memoir of the life of Welch by George S. Gunn.) | ||
| 650 |
_aA.T.-BiografĂa _910744 |
||
| 700 |
_aPorteous, Norman W. _910745 |
||
| 942 | _cBK | ||
| 999 |
_c6917 _d6917 |
||